00300nam a2200133Ia 45000030006000000080041000060400015000471000017000622450038000792500011001172600009001285460012001370050017001490STCL150530s9999 xx 000 0 und d aSTCLcSTCL aSquire, J.C. aGrub street nights entertainments aSecond c1931 aEnglish20220125171146.0